000 00216 a2200097 4500
001 11753
100 _aKennan, g
245 _aOn dealiny with the communir world
260 _a
_bHarper & ROW
_c
090 _c9010
_d9010
942 _aNUST-CAE
_cM
_c35835
999 _c246826
_d246826